000 00856nam a2200241Ia 4500
003 OSt
005 20220923215830.0
006 a|||||r|||| 00| 0
007 ta
008 220922b |||||||| |||| 00| 0 hin d
024 _a182,079
037 _cTextual
040 _aARTS
_cARTS
_bhin
041 _2hin
_ahin
082 _aO152,1N41x, N4
100 _aवाजपेयी, अशोक
_9156275
245 0 _aथोडी सी जगह अशोक वाजपेयी की प्रेम कविताएं
246 _aThoḍī sī jagah ashok vājapeyī kī prem kavitāean
260 _aनई दिल्ली
_b राधाकृष्ण प्रकाशन
_c1994
300 _a155 पृ.
_ccm.
942 _hO152,1N41x, N4
_cTEXL
_2CC
999 _c335453
_d335453